000
00291nam a22001337a 4500
008
170927b xxu||||| |||| 00| 0 eng d
020
_a
0135863481
041
_a
eng
080
_2
3 ED
_a
37
100
_a
47
101
_a
EDU
245
_a
MODELS OF TEACHING
_c
WEIL.M
942
_2
udc
_c
BK
999
_c
30258
_d
30258